[Event "Belgrade-chT"]
[Site "Belgrade"]
[Date "2014.11.04"]
[Round "12"]
[White "Becelic, Dejan"]
[Black "Mancic, Cedomir"]
[Result "1/2-1/2"]
[WhiteElo "2124"]
[BlackElo "2065"]
[PlyCount "111"]
[EventDate "2014.10.04"]
[EventType "team-tourn"]
[EventRounds "13"]
[EventCountry "SRB"]
[SourceTitle "EXT 2015"]
[Source "ChessBase"]
[SourceDate "2014.11.20"]
[SourceVersion "1"]
[SourceVersionDate "2014.11.20"]
[SourceQuality "1"]

1. c4 c5 2. g3 Nf6 3. Bg2 d5 4. cxd5 Nxd5 5. Nf3 Nc6 6. 0-0 e5 7. b3 Be7 8. Nc3 Be6 9. Bb2 f6 10. d3 0-0 11. Nd2 Nxc3 12. Bxc3 Qd7 13. Re1 Rac8 14. Nc4 Nd4 15. Rc1 Rfd8 16. Qd2 b6 17. Qb2 b5 18. Ne3 Qc7 19. Nc2 Qb6 20. Be4 Qa6 21. e3 Nxc2 22. Qxc2 b4 23. Ba1 f5 24. Bg2 Qxd3 25. Bxe5 Qxc2 26. Rxc2 c4 27. Bb7 Rc5 28. Bd4 Rc7 29. Ba6 c3 30. Rec1 Bf6 31. Bxf6 gxf6 32. Kf1 Rd6 33. Bb5 a6 34. Be2 Kf7 35. Ke1 Ke7 36. Rd1 Rcd7 37. Rxd6 Rxd6 38. Rc1 a5 39. Bb5 Bd7 40. Bc4 a4 41. Rd1 axb3 42. axb3 Rb6 43. Ra1 Be6 44. Ra7+ Kd6 45. Bxe6 Kxe6 46. Kd1 Rd6+ 47. Kc1 h5 48. Rb7 Rd2 49. Rxb4 Rxf2 50. Rh4 Rb2 51. Rxh5 Rxb3 52. Kc2 Ra3 53. Kc1 Ra2 54. Kb1 Re2 55. Kc1 Rxe3 56. Kc2 1/2-1/2

[Event "Belgrade Spring op"]
[Site "Belgrade"]
[Date "2013.03.22"]
[Round "3"]
[White "Tisma, Ivan"]
[Black "Mancic, Cedomir"]
[Result "1-0"]
[WhiteElo "2122"]
[BlackElo "2064"]
[PlyCount "135"]
[EventDate "2013.03.20"]
[EventType "swiss"]
[EventRounds "9"]
[EventCountry "SRB"]
[SourceTitle "CBM 153 Extra"]
[Source "ChessBase"]
[SourceDate "2013.04.22"]
[SourceVersion "1"]
[SourceVersionDate "2013.04.22"]
[SourceQuality "1"]

1. d4 d5 2. c4 c6 3. e3 Nf6 4. Nc3 Bg4 5. f3 Bc8 6. Qb3 g6 7. Bd3 Bg7 8. Nge2 0-0 9. cxd5 cxd5 10. Nf4 e6 11. Bd2 Nc6 12. 0-0 Ne8 13. Rfd1 Nd6 14. Nb5 Nf5 15. Bxf5 gxf5 16. Nh5 Bh6 17. f4 Qe7 18. Rac1 Bd7 19. a3 Kh8 20. Qd3 Rg8 21. Be1 Bf8 22. Rc2 Qd8 23. Rdc1 Be7 24. Nc3 Na5 25. Nb1 Nc4 26. Nd2 Nd6 27. Nf3 f6 28. Bh4 Rf8 29. Rc5 Ne4 30. b3 Nxc5 31. dxc5 Be8 32. Ng3 Qa5 33. b4 Qb5 34. Qd2 a5 35. Nd4 Qd7 36. b5 Bf7 37. a4 Qc7 38. Qc3 Rfc8 39. Nb3 Kg7 40. h3 Qd8 41. Qd3 Bg6 42. Nd4 Kf7 43. c6 Qd6 44. Rc2 bxc6 45. Nxc6 Rc7 46. Qc3 Kg7 47. Qb2 Rac8 48. Qc1 Qa3 49. Qxa3 Bxa3 50. Ra2 Bc5 51. Kf2 Bb6 52. Ne2 Be8 53. Ned4 Kf7 54. Kf3 Bxc6 55. Nxc6 Rxc6 56. bxc6 Rxc6 57. Be1 e5 58. Rb2 Ke6 59. Rb5 Kd6 60. Bxa5 Ba7 61. Rb7 Ra6 62. Rb5 Kc6 63. h4 e4+ 64. Ke2 Bc5 65. h5 d4 66. exd4 Bxd4 67. Rxf5 Bc5 68. Rxf6+ 1-0

[Event "Belgrade-chT Quality"]
[Site "Belgrade"]
[Date "2012.10.31"]
[Round "9.5"]
[White "Protic, Dusan"]
[Black "Mancic, Cedomir"]
[Result "1-0"]
[WhiteElo "2122"]
[BlackElo "2063"]
[PlyCount "34"]
[EventDate "2012.10.13"]
[EventType "team-tourn"]
[EventRounds "11"]
[EventCountry "SRB"]
[SourceTitle "EXT 2019"]
[Source "ChessBase"]
[SourceDate "2018.10.10"]
[SourceVersion "1"]
[SourceVersionDate "2018.10.10"]
[SourceQuality "1"]

1. e4 c5 2. Nc3 e6 3. Nf3 d5 4. Bb5+ Bd7 5. exd5 exd5 6. Qe2+ Ne7 7. Nxd5 Bxb5 8. Qxb5+ Nbc6 9. Ne3 Qd7 10. Qxc5 0-0-0 11. d4 f6 12. 0-0 g5 13. b4 g4 14. Nd2 Kb8 15. b5 Na5 16. b6 axb6 17. Qxb6 Nac6 1-0

[Event "SRB-chT quality"]
[Site "Belgrade"]
[Date "2010.10.17"]
[Round "4"]
[White "Savic, Nemanja"]
[Black "Mancic, Cedomir"]
[Result "1-0"]
[WhiteElo "1862"]
[BlackElo "2196"]
[PlyCount "103"]
[EventDate "2010.10.09"]
[EventType "team-tourn"]
[EventRounds "11"]
[EventCountry "YUG"]
[SourceTitle "EXT 2011"]
[Source "ChessBase"]
[SourceDate "2010.11.26"]
[SourceVersion "1"]
[SourceVersionDate "2010.11.26"]
[SourceQuality "1"]

1. c4 c6 2. e4 d5 3. cxd5 cxd5 4. exd5 Nf6 5. Nc3 Nxd5 6. d4 e6 7. Nf3 Be7 8. Bb5+ Bd7 9. Bxd7+ Nxd7 10. Nxd5 exd5 11. 0-0 0-0 12. Qd3 Qb6 13. Bg5 Rfe8 14. Qf5 Bxg5 15. Qxd7 Rad8 16. Rfe1 Rf8 17. Qg4 Bf6 18. b3 Qd6 19. Rac1 Qd7 20. Qxd7 Rxd7 21. Re2 Rfd8 22. Kf1 Kf8 23. Re3 h6 24. Ke2 g5 25. h3 Re8 26. Kd3 Rxe3+ 27. fxe3 Ke7 28. Ng1 Ke6 29. Ne2 Bd8 30. g4 Bc7 31. Rf1 Bd6 32. Rf5 Bb4 33. h4 f6 34. h5 Rc7 35. a3 Bxa3 36. Nc3 Rd7 37. e4 dxe4+ 38. Kxe4 a6 39. Nd5 Be7 40. Ne3 Rc7 41. d5+ Kf7 42. Nc4 Bb4 43. Rf3 Re7+ 44. Kd4 Rc7 45. Ke4 b5 46. Ne5+ Ke7 47. Nc6+ Rxc6 48. dxc6 Bd6 49. Kd5 Ba3 50. Rf1 Bb2 51. Rf2 Be5 52. Ra2 1-0